| Поле | Название | Значение |
| |
Тип записи |
a |
| |
Библиографический уровень |
m |
| 001 |
Контрольный номер |
33100d99-0f4d-4eec-a702-21019c9270fd |
| 005 |
Дата корректировки |
20141008111740.3 |
| 010 |
Индекс ISBN |
__ |
| a |
ISBN |
978-5-9916-2204-2 |
| d |
Цена |
460 руб. 00 коп. |
| 100 |
Данные общей обработки |
__ |
| a |
Данные общей обработки |
20130830 |||y0 y0189 ca |
| 101 |
Язык документа |
0_ |
| a |
Язык текста |
rus |
| 105 |
Кодированные данные (монография) |
__ |
| a |
Кодированные данные (монография) |
zy |
| 200 |
Заглавие и сведения об ответственности |
0_ |
| a |
Заглавие |
Математика [текст] |
| e |
Сведения, относящиеся к заглавию |
учебник для бакалавров |
| f |
Первые сведения об ответственности |
Н.В. Богомолов, П.И. Самойленко |
| 205 |
Сведения об издании |
__ |
| a |
Основные сведения об издании |
5-е изд. |
| b |
Дополнительные сведения об издании |
перераб. и доп. |
| 210 |
Выходные данные |
1_ |
| a |
Место издания |
М. |
| c |
Издательство |
Юрайт |
| d |
Дата издания |
2013 |
| 215 |
Физическое описание |
__ |
| a |
Объем |
396 с. |
| 225 |
Серия |
2_ |
| a |
Серия |
Бакалавр.Базовый курс |
| 300 |
Общие примечания |
__ |
| a |
Общие примечания |
Допущено Мин. образования РФ |
| 606 |
Тематические рубрики |
__ |
| a |
Основная рубрика |
Естествознание и математика |
| x |
Основная подрубрика |
Математика |
| 610 |
Ключевые слова |
0_ |
| a |
Ключевые слова |
Алгебра |
| 610 |
Ключевые слова |
0_ |
| a |
Ключевые слова |
начала анализа |
| 610 |
Ключевые слова |
0_ |
| a |
Ключевые слова |
функции |
| 610 |
Ключевые слова |
0_ |
| a |
Ключевые слова |
степенная |
| 610 |
Ключевые слова |
0_ |
| a |
Ключевые слова |
показательная функция |
| 610 |
Ключевые слова |
0_ |
| a |
Ключевые слова |
логарифмическая функции |
| 610 |
Ключевые слова |
0_ |
| a |
Ключевые слова |
пределы |
| 610 |
Ключевые слова |
0_ |
| a |
Ключевые слова |
производная |
| 610 |
Ключевые слова |
0_ |
| a |
Ключевые слова |
исследование функции |
| 610 |
Ключевые слова |
0_ |
| a |
Ключевые слова |
дифференциал фукции |
| 610 |
Ключевые слова |
0_ |
| a |
Ключевые слова |
элементы аналитической геометрии |
| 610 |
Ключевые слова |
0_ |
| a |
Ключевые слова |
прямая на плоскости |
| 610 |
Ключевые слова |
0_ |
| a |
Ключевые слова |
кривые второго порядка |
| 610 |
Ключевые слова |
0_ |
| a |
Ключевые слова |
элементы стереометрии |
| 610 |
Ключевые слова |
0_ |
| a |
Ключевые слова |
элементы теории вероятностей |
| 675 |
Индекс УДК |
__ |
| a |
Индекс УДК |
51(075.32) |
| 686 |
Индексы других классификаций |
__ |
| a |
Классификационный индекс |
22.1я73 |
| 2 |
Код системы |
rubbk |
| 700 |
Автор |
_1 |
| a |
Фамилия |
Богомолов |
| b |
Имя |
Н.В. |
| 801 |
Источник записи |
_0 |
| a |
Страна |
RU |
| b |
Организация |
ККИ |
| c |
Дата составления |
20130830 |
| 899 |
Данные о местонахождении |
__ |
| b |
Место хранения |
УчФ_Краснодарский филиал |
| t |
Номер экземпляра |
1 |
| h |
Классификационная часть РШ |
51 |
| i |
Авторский знак |
Б74 |
| p |
Штрих-код |
85705 |
| 901 |
Тип документа |
__ |
| t |
Тип документа |
m |
| 938 |
Служебная информация |
__ |
| a |
Название организации |
Краснодарский филиал |
| b |
Имя БД |
OUTPUT.MRC |
| c |
Название АИБС |
АИБС Библиотека |
| 938 |
Служебная информация |
__ |
| a |
Название организации |
Ижевский филиал |